Record Goalscorers - Italy - Statistics

General Stats
  • This quiz has been taken 198 times
  • The average score is 4 of 10
Answer Stats
Goals Games played Answer % Correct
27 91 Alessandro del Piero
87%
27 56 Roberto Baggio
74%
25 57 Filippo Inzaghi
72%
23 49 Christian Vieri
61%
33 53 Giuseppe Meazza
42%
35 42 Luigi Riva
38%
30 34 Silvio Piola
20%
25 61 Alessandro Altobelli
18%
23 64 Francesco Graziani
8%
25 47 Adolfo Baloncieri
4%
No matching quizzes found
Score Distribution
Percent of People with Each Score
Percentile by Number Answered
Your Score History
You have not taken this quiz